Ils sont nés un 30 juillet - Statistiques

Statistiques générales
  • Ce quiz a été pris 35 fois
  • Le résultat moyen est 6 sur 12
Statistiques - réponses
Réponse % Correct
Jean Reno
85%
Henry Ford
82%
Arnold Schwarzenegger
79%
Calogero
73%
Emily Brontë
70%
Christopher Nolan
61%
Jürgen Klinsmann
42%
Hilary Swank
36%
Hope Solo
33%
Kate Bush
33%
Laurence Fishburne
33%
Paul Anka
18%
Aucun quiz correspondant
Distribution des résultats
% des personnes avec chaque résultat
Percentile par nombre de réponses
Votre historique - résultats
Vous n’avez pas pris ce quiz